UPHOLDING the integrity of the Malaysian civil service

Bibliographic Details
Corporate Author: MALAYSIA
Other Authors: AHMAD Sarji bin Abdul Hamid 1938-, MAHMUD bin Taib
Format: Book
Published: Petaling Jaya, Selangor : Pelanduk Pub. , 1993
Subjects:

MARC

LEADER 00000cam a2200000 7i4500
001 0000000597
005 20000911.0
020 0 0 |a 9679784940 
090 0 0 |a 354.209595   |b UPH 1993 
245 0 0 |a UPHOLDING the integrity of the Malaysian civil service   |c contributions by Tan Sri Dato' Seri Ahmad Sarji bin Abdul Hamid, Chief Secretary to the Government of Malaysia [and] Tan Sri Dato' Mahmud bin Taib, Director-General, Public Service Department, Malaysia 
260 0 0 |a Petaling Jaya, Selangor :   |b Pelanduk Pub. ,   |c 1993 
300 |a vi, 101 p. :   |b ill. ;   |c 22 cm. 
650 0 0 |a Civil service ethics   |z Malaysia 
650 0 0 |a Civil service   |z Malaysia 
700 0 1 |a AHMAD Sarji bin Abdul Hamid   |f Tan Sri Dato' Seri ,   |c 1938- 
700 0 1 |a MAHMUD bin Taib   |f Tan Sri Dato' 
710 1 1 |a MALAYSIA ,   |c Jabatan Perkhidmatan Awam 
999 |a 0000000022   |b Monograph   |c Open Shelf   |e Default branch 
999 |a 0000001871   |b Monograph   |c Open Shelf   |e Default branch 
999 |a 0000006481   |b Monograph   |c Open Shelf   |e Default branch